Apertura comercial y ajuste de las empresas /
Furkejuvvon:
| Váldodahkki: | |
|---|---|
| Eará dahkkit: | |
| Materiálatiipa: | Dovdameahttun |
| Almmustuhtton: |
San José:
Academia de Centroamérica; CINDE
|
| Fáttát: | |
| Fáddágilkorat: |
Lasit fáddágilkoriid
Eai fáddágilkorat, Lasit vuosttaš fáddágilkora!
|
MARC
| LEADER | 00000 a2200000 04500 | ||
|---|---|---|---|
| 001 | 10276 | ||
| 003 | |||
| 008 | 991231s d | ||
| 040 | |a CRAI/IIS |c CRAI/IIS | ||
| 090 | |a 135605 | ||
| 100 | 1 | |a Camacho Mejía, Edna | |
| 245 | |a Apertura comercial y ajuste de las empresas / |c Edna Camacho Mejía | ||
| 260 | |a San José: |b Academia de Centroamérica; CINDE | ||
| 300 | |a xv, 262 p. | ||
| 650 | |a EMPRESAS | ||
| 650 | |a COSTA RICA | ||
| 650 | |a CONDICIONES ECONOMICAS | ||
| 650 | |a EXPORTACIONES | ||
| 650 | |a EMPLEO | ||
| 650 | |a TECNOLOGIA | ||
| 650 | |a MODERNIZACION | ||
| 700 | |a | ||
| 700 | |a González Vega, Claudio | ||
| 700 | |a | ||
| 999 | |c 14551 |d 14551 | ||
